<?xml version="1.0" encoding="UTF-8"?>
<record
    xmlns:xsi="http://www.w3.org/2001/XMLSchema-instance"
    xsi:schemaLocation="http://www.loc.gov/MARC21/slim http://www.loc.gov/standards/marcxml/schema/MARC21slim.xsd"
    xmlns="http://www.loc.gov/MARC21/slim">

  <leader>01328nam a22001457a 4500</leader>
  <controlfield tag="008">120705t        xxu||||| |||| 00| 0 eng d</controlfield>
  <datafield tag="050" ind1=" " ind2=" ">
    <subfield code="a">PE1439.B68</subfield>
  </datafield>
  <datafield tag="100" ind1=" " ind2=" ">
    <subfield code="a">Lee, Brandon.</subfield>
  </datafield>
  <datafield tag="245" ind1=" " ind2=" ">
    <subfield code="a">Paragraphs and essays: a work text with readings. /</subfield>
    <subfield code="c">Brandon Lee.</subfield>
  </datafield>
  <datafield tag="250" ind1=" " ind2=" ">
    <subfield code="a">8 ed.</subfield>
  </datafield>
  <datafield tag="300" ind1=" " ind2=" ">
    <subfield code="a">xxi, 506 p.:</subfield>
    <subfield code="c">28cm.</subfield>
  </datafield>
  <datafield tag="500" ind1=" " ind2=" ">
    <subfield code="a">Includes index.</subfield>
  </datafield>
  <datafield tag="505" ind1=" " ind2=" ">
    <subfield code="a">Contents: Student overview -- The Writing process: Stage one exploring/experimenting/gathering information -- The Writing process: Stage two writing the idea/organizing and developing support -- The Writing process: Stage three writing/revising/editing -- Writing the paragraph -- Writing the essay -- Reading-related writing -- Narration: Moving throug time -- Description: Through space -- Exemplification: Writing with examples -- Analysis by division: Examining the parts -- Process analysis: Writing about doing -- Cause and effect: Determining reasons and outcomes -- Classification: Establishing groups -- Comparison and contrast: Showing similarities and differences -- Definition: Claring terms -- Literary analysis: Reacting to stories -- Argument: Writing to persuade -- The Research paper -- Writing effective sentences -- Appendix A: Parts of speech -- Appendix B: Taking tests -- Appendix C: Writing a job application letter and a resume.</subfield>
  </datafield>
  <datafield tag="942" ind1=" " ind2=" ">
    <subfield code="2">lcc</subfield>
    <subfield code="c">BK</subfield>
  </datafield>
  <datafield tag="999" ind1=" " ind2=" ">
    <subfield code="c">1637</subfield>
    <subfield code="d">9137</subfield>
  </datafield>
  <datafield tag="952" ind1=" " ind2=" ">
    <subfield code="0">0</subfield>
    <subfield code="1">0</subfield>
    <subfield code="2">lcc</subfield>
    <subfield code="4">0</subfield>
    <subfield code="7">0</subfield>
    <subfield code="a">WIUC-1</subfield>
    <subfield code="b">WIUC-1</subfield>
    <subfield code="c">GEN</subfield>
    <subfield code="d">2012-07-05</subfield>
    <subfield code="l">0</subfield>
    <subfield code="o">PE1439.B68</subfield>
    <subfield code="p">4521/12</subfield>
    <subfield code="r">2012-07-05 00:00:00</subfield>
    <subfield code="t">1</subfield>
    <subfield code="w">2012-07-05</subfield>
    <subfield code="y">BK</subfield>
  </datafield>
</record>
